Quantum mechanics : fundamentals and applications to technology /

Bibliographic Details
Main Author: Singh, Jasprit
Corporate Author: NetLibrary, Inc
Format: eBook
Language:English
Published: New York : Wiley, [1997]
Subjects:
Online Access:Connect to the full text of this electronic book

MARC

Tag First Indicator Second Indicator Subfields
LEADER 00000cam a2200000La 4500
001 in00001745566
005 20220105122446.0
006 m u
007 cr cn-
008 010308s1997 nyua s 001 0 eng d
010 |z  96028540  
020 |a 0585354170 (electronic bk.) :  |c $84.95 
020 |z 0471157589 (cloth : alk. paper) 
035 |a (OCoLC)ocm47011156 
035 |a 26317  |b (N$T) 
040 |a N$T  |c N$T  |d OCL  |d UtOrBLW 
049 |a IKMN 
050 1 4 |a QC174.12  |b .S534 1997eb 
082 0 4 |a 530.1/2  |2 20 
100 1 |a Singh, Jasprit.  |0 http://id.loc.gov/authorities/names/n92081057 
245 1 0 |a Quantum mechanics :  |b fundamentals and applications to technology /  |c Jasprit Singh. 
264 1 |a New York :  |b Wiley,  |c [1997] 
264 4 |c ©1997 
300 |a xxvii, 505 pages :  |b illustrations ;  |c 26 cm. 
336 |a text  |b txt  |2 rdacontent 
337 |a computer  |b c  |2 rdamedia 
338 |a online resource  |b cr  |2 rdacarrier 
500 |a Includes index. 
533 |a Electronic reproduction.  |b Boulder, Colo. :  |c NetLibrary,  |d 2001.  |n Available via World Wide Web.  |n Access may be limited to NetLibrary affiliated libraries. 
500 |a Electronic resource. 
650 0 |a Quantum theory.  |0 http://id.loc.gov/authorities/subjects/sh85109469 
655 7 |a Electronic books.  |2 local 
710 2 |a NetLibrary, Inc.  |0 http://id.loc.gov/authorities/names/no99080690 
776 0 |c Original  |w (DLC) 96028540  |w (OCoLC)35042282 
856 4 1 |u https://proxy.library.tamu.edu/login?url=http://www.netLibrary.com/urlapi.asp?action=summary&v=1&bookid=26317  |z Connect to the full text of this electronic book  |t 0 
994 |a 92  |b IKM 
999 |a MARS 
999 f f |s 2ea6f24a-fd49-36c3-880d-429af08d58de  |i a2f91abf-fc9a-38a8-88a5-76cfebecec67  |t 0 
952 f f |a Texas A&M University  |b College Station  |c Electronic Resources  |d Available Online  |t 0  |e QC174.12 .S534 1997eb  |h Library of Congress classification 
998 f f |a QC174.12 .S534 1997eb  |t 0  |l Available Online